000 00497nam a2200205 a 4500
999 _c10956
_d10956
001 10956
003 BD-JhCC
005 20190706114856.0
008 190706s1961 nyu |||| |||| 000 0 eng d
035 _a(BD-JhCC)10956
040 _aBD-JhCC
_dBD-JhCC
041 _aeng
082 _bLEW 1961
_a821
100 _aLewis, Day
245 _aPoetry for you /
_cDay Lewis
260 _aLondon :
_bBsil Blackwell,
_c1961.
300 _a112 p. :
_c19 cm
650 _aEnglish Poetry
942 _2ddc
_cBK